| 000 | 00360pab a2200145 454500 | ||
|---|---|---|---|
| 008 | 180718b1982 xxu||||| |||| 00| 0 eng d | ||
| 100 | _aSingh, S.N. | ||
| 245 | _aSurvey report on bonded labour | ||
| 260 | _c1982 | ||
| 300 | _a945-50 | ||
| 362 | _aOct.-Dec. | ||
| 650 | _aLabour, Bonded - India - Madhya Pradesh | ||
| 773 | _aAdministrator | ||
| 909 | _a11875 | ||
| 999 |
_c11875 _d11875 |
||